Mayson, french and ryan on company law / (Record no. 566)

MARC details
000 -LEADER
fixed length control field 00714nam a22002535a 4500
001 - CONTROL NUMBER
control field 15863000
003 - CONTROL NUMBER IDENTIFIER
control field OSt
005 - DATE AND TIME OF LATEST TRANSACTION
control field 20150703115838.0
008 - FIXED-LENGTH DATA ELEMENTS--GENERAL INFORMATION
fixed length control field 090811s2009 nyu 000 0 eng
010 ## - LIBRARY OF CONGRESS CONTROL NUMBER
LC control number 2009934691
020 ## - INTERNATIONAL STANDARD BOOK NUMBER
International Standard Book Number 1841740152
040 ## - CATALOGING SOURCE
Original cataloging agency DLC
Transcribing agency DLC
082 ## - DEWEY DECIMAL CLASSIFICATION NUMBER
Edition number 22
Classification number 346.066 FRE
100 1# - MAIN ENTRY--PERSONAL NAME
Personal name French, Derek.
9 (RLIN) 1640
245 10 - TITLE STATEMENT
Title Mayson, french and ryan on company law /
Statement of responsibility, etc Derek French, Stephen Mayson, Christopher Ryan. _
250 ## - EDITION STATEMENT
Edition statement 17th ed. _
260 ## - PUBLICATION, DISTRIBUTION, ETC. (IMPRINT)
Place of publication, distribution, etc New York, NY :
Name of publisher, distributor, etc Oxford University Press,
Date of publication, distribution, etc 2000.
263 ## - PROJECTED PUBLICATION DATE
Projected publication date 0908
300 ## - PHYSICAL DESCRIPTION
Extent xciii,760p. :
504 ## - BIBLIOGRAPHY, ETC. NOTE
Bibliography, etc Includes index
906 ## - LOCAL DATA ELEMENT F, LDF (RLIN)
a 0
b ibc
c orignew
d 2
e epcn
f 20
g y-gencatlg
942 ## - ADDED ENTRY ELEMENTS (KOHA)
Source of classification or shelving scheme Dewey Decimal Classification
Koha item type Books
Holdings
Withdrawn status Lost status Source of classification or shelving scheme Damaged status Not for loan Home library Current library Shelving location Date acquired Total Checkouts Full call number Barcode Date last seen Price effective from Koha item type
    Dewey Decimal Classification     Law Development Centre Main Library Law Development Centre Main Library Text Books and Laws 04/26/2011   346.066 FRE 026/01 04/26/2011 04/26/2011 Books